North-South divide grows (Record no. 62080)

MARC details
000 -LEADER
fixed length control field 00697cam a2200205 4500
001 - CONTROL NUMBER
control field WB3601-16
008 - FIXED-LENGTH DATA ELEMENTS--GENERAL INFORMATION
fixed length control field 000000n1999 000 0 eng u
035 ## - SYSTEM CONTROL NUMBER
System control number (Sirsi) u103301
245 ## - TITLE STATEMENT
Title North-South divide grows
260 ## - PUBLICATION, DISTRIBUTION, ETC.
Date of publication, distribution, etc. 1999
490 ## - SERIES STATEMENT
Series statement Financial Times
Volume/sequential designation Weekend 18 December 19999, XV(2)
520 ## - SUMMARY, ETC.
Summary, etc. Two reports from Norwich Union and James Morrell, predict a further widening in the next decade of the gap between house prices in the north and the south.
590 ## - LOCAL NOTE (RLIN)
Local note WB
650 ## - SUBJECT ADDED ENTRY--TOPICAL TERM
Topical term or geographic name entry element NORTH SOUTH DIVIDE
650 ## - SUBJECT ADDED ENTRY--TOPICAL TERM
Topical term or geographic name entry element HOUSE PRICES
650 ## - SUBJECT ADDED ENTRY--TOPICAL TERM
Topical term or geographic name entry element NORWICH UNION
650 0# - SUBJECT ADDED ENTRY--TOPICAL TERM
Topical term or geographic name entry element JAMES MORRELL
690 ## - LOCAL SUBJECT ADDED ENTRY--TOPICAL TERM (OCLC, RLIN)
Topical term or geographic name as entry element PROPERTY-RESIDENTIAL PROPERTY-RESIDENTIAL PROPERTY MARKET
942 ## - ADDED ENTRY ELEMENTS (KOHA)
Suppress in OPAC 0
Holdings
Withdrawn status Lost status Source of classification or shelving scheme Damaged status Not for loan Home library Current library Shelving location Date acquired Total Checkouts Full call number Barcode Date last seen Copy number Price effective from Koha item type
    Dewey Decimal Classification     London London News article 20/12/1999   WB3601-16 103301-1001 06/08/2019 1 06/08/2019 News article